| 000 | 00968nas a2200265 4500 | ||
|---|---|---|---|
| 001 | BR8100269 | ||
| 003 | BR-BrBNA | ||
| 005 | 20231205084456.0 | ||
| 007 | ta | ||
| 008 | 230509b bl.|||p| |||| 00| 00por d | ||
| 040 |
_aBR-BrBNA _bpor _cBiblioteca Nacional de Agricultura |
||
| 041 | _a(Pt) | ||
| 072 | _aH10 | ||
| 100 | 1 | _aMello, A.M.L.T. | |
| 100 | 1 | _aSilveira Neto, S. | |
| 100 | 1 | _aParra, J.R.P. | |
| 245 | 1 | _aTabela de fertilidade e esperanca de vida Gryllus assimilis (Fabricius, 1775)(Orthoptera, Gryllidae)en laboratorio [Praga de planta; Grilo] | |
| 246 | 1 | _aLife table of Gryllus assimilis (Fabricius, 1775)(Orthoptera, Gryllidae)in laboratory conditions [Pest of plant; Cricket] | |
| 650 | _aPraga de planta | ||
| 650 | _aGrilo | ||
| 650 | _aBiologia | ||
| 773 | 0 |
_tAnais da Sociedade Entomologica do Brasil (Brazil) _xISSN 0301-8059 _g(1980), v. 9(1) p. 133-141 _wBR8100269 |
|
| 909 |
_a202311 _bLúcia _c55 _dLúcia Elande |
||
| 942 |
_2AGRIS _n0 _cANA |
||
| 999 |
_c105472 _d105472 |
||